00602nam a2200157Ia 4500008004100000020001800041082001900059100003300078245007500111260002100186300001000207500003100217650008600248952009300334999001700427120629s9999 xx 000 0 und d a970-9849-00-X a344.7201 B337d aBouzas Ortiz, José Alfonso aDerecho colectivo y procesal del trabajo / José Alfonso Bouzas Ortiz aMéxico : ISURE a451 p aBibliografía e índices a1. DERECHO LABORAL-MEXICO-ENSAYOS \ 2. TRABAJO Y TRABAJADORES-MEXICO-ENSAYOS Ì 00104070a15b15d2008-03-25l0o344.7201 B337Dp15 002745r2017-12-07w2012-06-28yLB c76165d76165